<?xml version="1.0" encoding="UTF-8"?>
<record
    xmlns:xsi="http://www.w3.org/2001/XMLSchema-instance"
    xsi:schemaLocation="http://www.loc.gov/MARC21/slim http://www.loc.gov/standards/marcxml/schema/MARC21slim.xsd"
    xmlns="http://www.loc.gov/MARC21/slim">

  <leader>     nam a22     7a 4500</leader>
  <datafield tag="999" ind1=" " ind2=" ">
    <subfield code="c">44253</subfield>
    <subfield code="d">44253</subfield>
  </datafield>
  <controlfield tag="003">OSt</controlfield>
  <controlfield tag="005">20180811085535.0</controlfield>
  <controlfield tag="008">180811b        xxu||||| |||| 00| 0 eng d</controlfield>
  <datafield tag="040" ind1=" " ind2=" ">
    <subfield code="c">SEROSOFT</subfield>
  </datafield>
  <datafield tag="100" ind1=" " ind2=" ">
    <subfield code="a">MAHADIK K R</subfield>
  </datafield>
  <datafield tag="245" ind1=" " ind2=" ">
    <subfield code="a">CONCISE INORGANIC PHARMACEUTICAL CHEMISTRY</subfield>
  </datafield>
  <datafield tag="260" ind1=" " ind2=" ">
    <subfield code="a">NEW DELHI</subfield>
    <subfield code="b">NIRALI</subfield>
    <subfield code="c">2018</subfield>
  </datafield>
  <datafield tag="300" ind1=" " ind2=" ">
    <subfield code="a">1508</subfield>
  </datafield>
  <datafield tag="942" ind1=" " ind2=" ">
    <subfield code="2">ddc</subfield>
    <subfield code="c">02</subfield>
  </datafield>
  <datafield tag="952" ind1=" " ind2=" ">
    <subfield code="0">0</subfield>
    <subfield code="1">0</subfield>
    <subfield code="2">ddc</subfield>
    <subfield code="4">0</subfield>
    <subfield code="7">0</subfield>
    <subfield code="a">02</subfield>
    <subfield code="b">02</subfield>
    <subfield code="d">2018-08-11</subfield>
    <subfield code="e">BANSAL</subfield>
    <subfield code="g">135.00</subfield>
    <subfield code="l">6</subfield>
    <subfield code="m">1</subfield>
    <subfield code="o">615.19 MAH</subfield>
    <subfield code="p">02-B-11676</subfield>
    <subfield code="q">2022-08-31</subfield>
    <subfield code="r">2021-10-05</subfield>
    <subfield code="s">2021-10-05</subfield>
    <subfield code="w">2018-08-11</subfield>
    <subfield code="y">02</subfield>
  </datafield>
  <datafield tag="952" ind1=" " ind2=" ">
    <subfield code="0">0</subfield>
    <subfield code="1">0</subfield>
    <subfield code="2">ddc</subfield>
    <subfield code="4">0</subfield>
    <subfield code="7">0</subfield>
    <subfield code="a">02</subfield>
    <subfield code="b">02</subfield>
    <subfield code="d">2018-08-11</subfield>
    <subfield code="e">BANSAL</subfield>
    <subfield code="g">135.00</subfield>
    <subfield code="l">3</subfield>
    <subfield code="m">1</subfield>
    <subfield code="o">615.19 MAH</subfield>
    <subfield code="p">02-B-11677</subfield>
    <subfield code="q">2021-06-20</subfield>
    <subfield code="r">2019-11-06</subfield>
    <subfield code="s">2019-11-06</subfield>
    <subfield code="w">2018-08-11</subfield>
    <subfield code="y">02</subfield>
  </datafield>
  <datafield tag="952" ind1=" " ind2=" ">
    <subfield code="0">0</subfield>
    <subfield code="1">0</subfield>
    <subfield code="2">ddc</subfield>
    <subfield code="4">0</subfield>
    <subfield code="7">0</subfield>
    <subfield code="a">02</subfield>
    <subfield code="b">02</subfield>
    <subfield code="d">2018-08-11</subfield>
    <subfield code="e">BANSAL</subfield>
    <subfield code="g">135.00</subfield>
    <subfield code="l">8</subfield>
    <subfield code="o">615.19 MAH</subfield>
    <subfield code="p">02-B-11678</subfield>
    <subfield code="r">2025-07-07</subfield>
    <subfield code="s">2024-10-05</subfield>
    <subfield code="w">2018-08-11</subfield>
    <subfield code="y">02</subfield>
  </datafield>
  <datafield tag="952" ind1=" " ind2=" ">
    <subfield code="0">0</subfield>
    <subfield code="1">0</subfield>
    <subfield code="2">ddc</subfield>
    <subfield code="4">0</subfield>
    <subfield code="7">0</subfield>
    <subfield code="a">02</subfield>
    <subfield code="b">02</subfield>
    <subfield code="d">2018-08-11</subfield>
    <subfield code="e">BANSAL</subfield>
    <subfield code="g">135.00</subfield>
    <subfield code="l">7</subfield>
    <subfield code="o">615.19 MAH</subfield>
    <subfield code="p">02-B-11679</subfield>
    <subfield code="r">2025-03-25</subfield>
    <subfield code="s">2024-10-01</subfield>
    <subfield code="w">2018-08-11</subfield>
    <subfield code="y">02</subfield>
  </datafield>
</record>
